Mapa de Chile con temperaturas de referencia en cuerpos de aguas superficiales continentales
Saved in:
| Corporate Authors: | , |
|---|---|
| Format: | Bog |
| Sprog: | spansk |
| Udgivet: |
Santiago
Ministerio del Medio Ambiente
2010
|
| Udgivelse: | 1a. ed |
| Fag: | |
| Tags: |
Tilføj Tag
Ingen Tags, Vær først til at tagge denne postø!
|
MARC
| LEADER | 00000cam a2200000 a 4500 | ||
|---|---|---|---|
| 001 | UCC2730 | ||
| 003 | CL-VaPUC | ||
| 008 | 180316e20100600cl |||||||||||||||||spa|d | ||
| 082 | 0 | 4 | |a 912.83 |b MIN |2 21 |
| 110 | 2 | |a Ministerio del Medio Ambiente |e author |9 596732 | |
| 710 | 2 | |a Dirección General de Aguas, Ministerio de Obras Públicas |e author |9 596733 | |
| 245 | 1 | 0 | |a Mapa de Chile con temperaturas de referencia en cuerpos de aguas superficiales continentales |
| 250 | |a 1a. ed | ||
| 300 | |a 40 p | ||
| 942 | |c BK | ||
| 945 | |d 20180316 12:27:00 |a arojas | ||
| 260 | |a Santiago |b Ministerio del Medio Ambiente |c 2010 | ||
| 650 | 0 | |a Mapas |9 260844 | |
| 650 | 7 | |a HIDROGRAFIA |2 CL-VaPUC |9 261115 | |
| 650 | 0 | |a Aguas superficiales |9 348468 | |
| 651 | 7 | |a CHILE |2 CL-VaPUC |9 596734 | |
| 583 | |a last modification |c 20180316 12:27:00 |k Rodrigo Vera | ||
| 999 | |c 370696 |d 370694 | ||
| 952 | |0 0 |1 0 |3 erb |4 0 |6 912_830000000000000_MIN_2010 |7 0 |8 X |9 487277 |a BIBING |b BIBING |i 5457033 |o 912.83 MIN 2010 |p 5457033 |r 2025-01-20 |w 2019-11-24 |y BK_X |z Catalogado en:20180316 |k CCL | ||